All Olympic champions Tokyo 2020 - Statistiken

Allgemein
  • Dieses Quiz wurde 70 mal gespielt
    15 seit der letzten Aktualisierung
  • Das Durchschnittsergebnis liegt bei 244 aus 320
Antwortstatistiken
Name Sport Country % Korrekt
Liu Shiying Athletics China
100%
Zhang Yufei Swimming China
100%
Chen Lijun Weightlifting China
100%
Bao Shanju Zhong Tianshi Cycling China
100%
Shi Zhiyong Weightlifting China
100%
Yang Quian Shooting China
100%
Gong Lijiao Athletics China
100%
Zhu Xueying Gymnastics China
100%
Wang Shun Swimming China
100%
Ma Long Table Tennis China
100%
Quan Hongchan Diving China
100%
Chen Yunxia Cui Xiaotong Lü Yang Zhang Ling Rowling China
100%
Shi Tingmao Diving China
100%
Chen Yufei Badminton China
100%
Jiang Ranxin Pang Wei Shooting China
100%
Chen Yuxi Zhang Jiaqi Diving China
100%
Hou Zhihui Weightlifting China
100%
Wang Zhouyu Weightlifting China
100%
Yang Qian Yang Haoran Shooting China
100%
Guan Chenchen Gymnastics China
100%
Sun Yiwen Fencing China
100%
Zhang Changhong Shooting China
100%
Li Fabin Weightlifting China
100%
Chen Meng Sun Yingsha Wang Manyu Table Tennis China
100%
Sun Mengya Xu Shixiao Canoeing China
100%
Lü Xiaojun Weightlifting China
100%
Xie Siyi Diving China
100%
Liu Yang Gymnastics China
100%
Cao Yuan Diving China
100%
Shi Tingmao Wang Han Diving China
100%
Wang Yilyu Huang Dongping Badminton China
100%
Chen Meng Table Tennis China
100%
Wang Zongyuan Xie Siyi Diving China
100%
Zou Jingyuan Gymnastics China
100%
Lu Yunxiu Sailing China
100%
Yang Junxuan
Tang Muhan
Zhang Yufei
Li Bingjie
Dong Jie
Zhang Yifan
Swimming China
100%
Fan Zhendong Ma Long Xu Xin Table Tennis China
100%
Li Wenwen Weightlifting China
100%
Sydney McLaughin Athletics USA
100%
Athing Mu Athletics USA
100%
Katie Ledecky Swimming USA
100%
Carissa Moore Surfing USA
100%
Valarie Allman Athletics USA
100%
Foluke Akinradewo
Michelle Bartsch-Hackley
Andrea Drews
Micha Hancock
Kimberly Hill
Jordan Larson
Chiaka Ogbogu
Jordyn Poulter
Kelsey Robinson
Jordan Thompson
Haleigh Washington
Justine Wong-Orantes
Volleyball USA
100%
Stefanie DolsonKelsey Plum Aliisha Gray Jackie Young Basketball USA
100%
Nevin Harrison Canoeing USA
100%
Michael AndrewCaleb Dressel Zach Apple Hunter Armstrong Ryan Murphy Blake Pieroni Andrew Wilson Tom Shields Swimming USA
100%
Anastasija Zolotic Taekwondo USA
100%
Ariel Atkins
Sue Bird
Tina Charles
Napheesa Collier
Skylar Diggins-Smith
Sylvia Fowles
Chelsea Gray
Britney Griner
Jewell Loyd
Breanna Stewart
Diana Taurasi
A'ja Wilson
Basketball USA
100%
Katie Nageotte Athletics USA
100%
Tamyra Mensa Stock Wrestling USA
100%
Sunisa Lee Gymnastics USA
100%
Lee Kiefer Fencing USA
100%
Vincent Hancook Shooting USA
100%
Xander Schauffele Golf USA
100%
Kendall Ellis[a] Allyson Felix Lynna Irby[a] Wadeline Jonathas Sydney McLaughlin Athing Mu Dalilah Muhammad Kaylin Whitney Athletics USA
100%
Rai BenjaminMicheal Cherry Bryce Deadmon Michael Norman Vernon Norwood Randolph Voss Trevor Stewart Athletics USA
100%
Lydia Jakoby Swimming USA
100%
April RossAlix Klineman Volleyball USA
100%
Gable Steveson Wrestling USA
100%
Amber English Shooting USA
100%
Chase Kalisz Swimming USA
100%
Ryan Crouse Athletics USA
100%
Rachel Fattal
Aria Fischer
Makenzie Fischer
Kaleigh Gilchrist
Stephania Haralabidis
Paige Hauschild
Amanda Longan
Ashleigh Johnson
Maddie Musselman
Jamie Neushul
Melissa Seidemann
Maggie Steffens
Alys Williams
Water Polo USA
100%
Zach AppleBowe Becker Caleb Dressel Brooks Curry Blake Pieroni Swimming USA
100%
Jade Carey Gymnastics USA
100%
Robert Finke Swimming USA
100%
Nelly Korda Golf USA
100%
Will Shaner Shooting USA
100%
Bam Adebayo
Devin Booker
Kevin Durant
Jerami Grant
Draymond Green
Jrue Holiday Keldon Johnson Zach LaVine Damian Lillard JaVale McGee Khris Middleton Jayson Tatum
Basketball USA
100%
David Taylor Wrestlig USA
100%
Jennifer Valente Cycling USA
100%
Jessica Fox Canoeing Australia
92%
Keegan Palmer Skateboarding Australia
92%
Bronte Campbell
Cate Campbell
Meg Harris
Emma McKeon
Mollie O'Callaghan Madison Wilson
Swimming Australia
92%
Kaylee McKeown Swimming Australia
92%
Thomas Green Jean van der Westhuyzen Canoeing Australia
92%
Cate Campbell Chelsea Hodges Kaylee McKeown Emma McKeon Mollie O'Callaghan[a] Emily Seebohm[a] Brianna Throssell[a] Swimming Australia
92%
Ariarne Titmus Swimming Australia
92%
Emma McKeon Swimming Australia
92%
Ariarne Titmus Swimming Australia
92%
Annabelle McIntyre Jessica Morrison Rosemary Popa Lucy Stephan Rowing Australia
92%
Jack Hargreaves Alexander Hill Alexander Purnell Spencer Turrin Rowing Australia
92%
Zac Stubblety-Cook Swimming Australia
92%
Matthew Wearn Sailing Australia
92%
Logan Martin Cycling Australia
92%
Mathew Belcher William Ryan Sailing Australia
92%
Damian Warner Athletics Canada
92%
Andre De Grasse Athletics Canada
92%
Maude Charron Weightlifting Canada
92%
Janine Beckie, Kadeisha Buchanan, Gabrielle Carle, Jessie Fleming, Vanessa Gilles, Julia Grosso, Jordyn Huitema, Stephanie Labbé, Ashley Lawrence, Adriana Leon, Erin McLeod, Nichelle Prince, Quinn, Jayde Riviere, Deanne Rose, Sophie Schmidt, Desiree Scott, Kailen Sheridan, Christine Sinclair, Évelyne Viens, Shelina Zadorsky Football Canada
92%
Maggie Mac Neil Swimming Canada
92%
Susanne Grainger
Kasia Gruchalla-Wesierski
Madison Mailey
Sydney Payne
Andrea Proske
Lisa Roman
Christine Roper
Avalon Wasteneys
Kristen Kit
Rowing Canada
92%
Kelsey Mitchell Cycling Canada
92%
Dorothee SchneiderIsabell Werth Jessica von Bredow-Werndl Equestrian Germany
92%
Ricarda Funk Canoeing Germany
92%
Florian Wellbrock Swimming Germany
92%
Jessica von Bredow-Werndl Equestrian Germany
92%
Max Lemke Tom Liebscher Ronald Rauhe Max Rendschmidt Canoeing Germany
92%
Alexander Zverev Tennis Germany
92%
Franziska BrauseLisa Brennauer Lisa Klein Mieke Kröger Cycling Germany
92%
Malaika Mihambo Athletics Germany
92%
Julia Krajewski Equestrian Germany
92%
Aline Rotter-Focken Wrestling Germany
92%
Sakura Yosozumi Skateboarding Japan
92%
Mayu Mukaida Wrestling Japan
92%
Yukako Kawai Wrestling Japan
92%
Risako Kawai Wrestling Japan
92%
Shori Hamada Judo Japan
92%
Aaron Wolf Judo Japan
92%
Chizuru Arai Judo Japan
92%
Jun Mizutani Mima Ito Table Tennis Japan
92%
Yui Ohashi Swimming Japan
92%
Naohisa Takato Judo Japan
92%
Kōyō Aoyagi
Suguru Iwazaki
Masato Morishita
Hiromi Itoh
Yoshinobu Yamamoto
Masahiro Tanaka
Yasuaki Yamasaki
Ryoji Kuribayashi
Yūdai Ōno
Kodai Senga
Kaima Taira
Ryutaro Umeno
Takuya Kai
Tetsuto Yamada
Sōsuke Genda
Hideto Asamura
Ryosuke Kikuchi
Hayato Sakamoto
Munetaka Murakami
Kensuke Kondo
Yuki Yanagita
Ryoya Kurihara
Masataka Yoshida
Seiya Suzuki
Atsunori Inaba
Makoto Kaneko
Yoshinori Tateyama
Yoshinori Murata
Hirokazu Ibata
Masaji Shimizu
Baseball Japan
92%
Yuto Horigome Skateboarding Japan
92%
Sena Irie Boxing Japan
92%
Momiji Nishiya Skateboarding Japan
92%
Yui Susaki Wrestling Japan
92%
Yui Ohashi Swimming Japan
92%
Ryo Kiyuna Karate Japan
92%
Koki Kano Kazuyasu Minobe Satoru Uyama Masaru Yamada Fencing Japan
92%
Daiki Hashimoto Gymnastics Japan
92%
Shohei Ono Judo Japan
92%
Takanori Nagase Judo Japan
92%
Hifumi Abe Judo Japan
92%
Daiki Hashimoto Gymnastics Japan
92%
Takuto Otoguro Wrestling Japan
92%
Uta Abe Judo Japan
92%
Akira Sone Judo Japan
92%
Yamato Fujita
Yukiko Ueno
Nozomi Goto
Yukiyo Mine
Nayu Kiyohara
Haruka Agatsuma
Yuka Ichiguchi
Yu Yamamoto
Hitomi Kawabata
Mana Atsumi
Minori Naito
Saki Yamazaki
Nodoka Harada
Sayaka Mori
Eri Yamada
Softball Japan
92%
Valentina Rodini Federica Cesarini Rowing Italy
85%
Marcell Jacobs Athletics Italy
85%
Gianmarco Tamberi Athletics Italy
85%
Marcell Jacobs Filippo Tortu Eseosa Desalu Lorenzo Patta Athletics Italy
85%
Antonella Palmisano Athletics Italy
85%
Simone Consonni Filippo Ganna Francesco Lamon Jonathan Milan Cycling Italy
85%
Vito Dell'Aquila Taekwondo Italy
85%
Luigi Busà Karate Italy
85%
Ruggero Tita Caterina Banti Sailing Italy
85%
Massimo Stano Athletics Italy
85%
Kim Je-deok Kim Woo-jin Oh Jin-hyek Archery South Korea
85%
Shin Jea-hwan Gymnastics South Korea
85%
An San Archery South Korea
85%
Oh Sang-uk Kim Jun-ho Kim Jung-hwan Gu Bon-gil Fencing South Korea
85%
An San Jang Min-hee Kang Chae-young Archery South Korea
85%
Kim Je-deok An San Archery South Korea
85%
Alberto Fernández Fátima Gálvez Shooting Spain
85%
Alberto Ginés López Sport Climbing Spain
85%
Sandra Sánchez Karate Spain
85%
Ana Marcela Cunha Swimming Brazil
77%
Santos Dani Alves Nino Diego Carlos Guilherme Arana Douglas Luiz Bruno Guimarães Claudinho Antony Matheus Cunha Richarlison Brenno Bruno Fuchs Ricardo Graça Abner Gabriel Menino Matheus Henrique Reinier Malcom Paulinho Gabriel Martinelli Lucão Football Brazil
77%
Isaquias Queiroz Canoeing Brazil
77%
Rebeca Andrade Gymnastics Brazil
77%
Ítalo Ferreira Surfing Brazil
77%
Martine Grael Kahena Kunze Sailing Brazil
77%
Hebert Conceição Boxing Brazil
77%
Selemon Barega Athletics Ethiopia
77%
Tom Daley Matty Lee Diving Great Britain
77%
Lauren Price Boxing Great Britain
77%
Ben Maher Equestrian Great Britain
77%
Hannah Mills Eilidh McIntyre Sailing Great Britain
77%
Charlotte Worthington Cycling Great Britain
77%
Kate French Modern Penthatlon Great Britain
77%
Freya Anderson
Kathleen Dawson
James Guy
Adam Peaty
Anna Hopkin
Swimming Great Britain
77%
Giles Scott Sailing Great Britain
77%
Galal Yafai Boxing Great Britain
77%
Matthew Walls Cycling Great Britain
77%
Jason Kenny Cycling Great Britain
77%
Laura Collett Tom McEwen Oliver Townend Equestrian Great Britain
77%
Joe Choong Modern Penthatlon Great Britain
77%
Katie Archibald Laura Kenny Cycling Great Britain
77%
Max Whitlock Gymnastics Great Britain
77%
Bethany Shriever Cycling Great Britain
77%
Tom Dean James Guy Calum Jarvis[b] Matt Richards Duncan Scott Swimming Great Britain
77%
Jess Learmonth Jonathan Brownlee Georgia Taylor-Brown Alex Yee Triathlon Great Britain
77%
Tom Pidcock Cycling Great Britain
77%
Tom Dean Swimming Great Britain
77%
Stuart Bithell Dylan Fletcher Sailing Great Britain
77%
Adam Peaty Swimming Great Britain
77%
Neeraj Chopra Athletics India
77%
Kellie Harrington Boxing Ireland
77%
Paul O'Donovan Fintan McCarthy Rowing Ireland
77%
Emma Twigg Rowing New Zealand
77%
Kerri Gowler Grace Prendergast Rowing New Zealand
77%
Tom Mackintosh Hamish Bond Tom Murray Michael Brake Dan Williamson Phillip Wilson Shaun Kirkham Matt Macdonald Sam Bosworth Rowing New Zealand
77%
Lisa Carrington Caitlin Regal Canoeing New Zealand
77%
Lisa Carrington Canoeing New Zealand
77%
Michaela Blyde
Kelly Brazier
Gayle Broughton
Theresa Fitzpatrick
Stacey Fluhler
Sarah Hirini
Shiray Kaka
Tyla Nathan-Wong
Risi Pouri-Lane
Alena Saili
Ruby Tui
Tenika Willison
Portia Woodman
Rugby Seven New Zealand
77%
Jakob Ingebrigtsen Athletics Norway
77%
Anders Mol Christian Sørum Volleyball Norway
77%
Kristian Blummenfelt Triathlon Norway
77%
Karsten Warholm Athletics Norway
77%
Pedro Pichardo Athletics Portugal
77%
Malin Baryard-Johnsson
Henrik von Eckermann
Peder Fredricson
Equestrian Sweden
77%
Armand Duplantis Athletics Sweden
77%
Daniel Ståhl Athletics Sweden
77%
Busenaz Sürmeneli Boxing Turkey
77%
Mete Gazoz Archey Turkey
77%
Zhan Beleniuk Wrestling Ukraine
77%
Anna Kiesenhofer Cycling Austria
69%
Nina Derwael Gymnasticas Belgium
69%
Arthur Van Doren
John-John Dohmen
Florent Van Aubel
Sébastien Dockier
Cédric Charlier
Gauthier Boccard
Nicolas De Kerpel
Augustin Meurmans
Alexander Hendrickx
Thomas Briels
Félix Denayer
Vincent Vanasch
Simon Gougnard
Arthur De Sloover
Antoine Kina
Loïck Luypaert
Victor Wegnez
Tom Boon
Field Hockey Belgium
69%
Nafissatou Thiam Athletics Belgium
69%
Mate Pavić Nikola Mektić Tennis Croatia
69%
Martin Sinković Valent Sinković Sailing Croatia
69%
Matea Jelić Taekwondo Croatia
69%
Mijaín López Wrestling Cuba
69%
Andy Cruz Boxing Cuba
69%
Fernando Jorge Serguey Torres Canoeing Cuba
69%
Roniel Iglesias Boxing Cuba
69%
Arlen López Boxing Cuba
69%
Luis Orta Wrestling Cuba
69%
Julio César La Cruz Boxing Cuba
69%
Lasse Norman Hansen Michael Mørkøv Cycling Denmark
69%
Anne-Marie Rindom Sailing Denmark
69%
Viktor Axelsen Badminton Denmark
69%
Miltiadis Tentoglou Athletics Greece
69%
Stefanos Ntouskos Rowing Greece
69%
Mohammad Reza Geraei Wrestling Iran
69%
Javad Foroughi Shooting Iran
69%
Sajjad Ganjzadeh Karate Iran
69%
Remona Burchell Shelly-Ann Fraser-Pryce Shericka Jackson Natasha Morrison Elaine Thompson-Herah Briana Williams Athletics Jamaica
69%
Elaine Thompson Herah Athletics Jamaica
69%
Hansle Parchment Athletics Jamaica
69%
Wojciech Nowicki Athletics Poland
69%
Anita Włodarczyk Athletics Poland
69%
Iga Baumgart-Witan Kajetan Duszyński Małgorzata Hołub-Kowalik Natalia Kaczmarek Dariusz Kowaluk Justyna Święty-Ersetic Karol Zalewski Athletics Poland
69%
Dawid Tomala Athletics Poland
69%
Tatjana Schoenmaker Swimming South Africa
69%
Nina Christen Shooting Switzerland
69%
Jolanda Neff Cycling Switzerland
69%
Belinda Bencic Tennis Switzerland
69%
Shaunae Miller-Uibo Athletics Bahamas
62%
Steven Gardiner Athletics Bahamas
62%
Simona Dyankova Stefani Kiryakova Madlen Radukanova Laura Traets Erika Zafirova Gymnastics Bulgaria
62%
Stoyka Krasteva Boxing Bulgaria
62%
Ivet Goranova Karate Bulgaria
62%
Lasha Talakhadze Weightlifting Georgia
62%
Lasha Bekauri Judo Georgia
62%
Bálint Kopasz Canoeing Hungary
62%
Sándor Tótka Canoeing Hungary
62%
Dóra Bodonyi Tamara Csipes Anna Kárász Danuta Kozák Canoeing Hungary
62%
Tamás Lőrincz Wrestling Hungary
62%
Kristóf Milák Swimming Hungary
62%
Áron Szilágyi Fencing Hungary
62%
Eliud Kipchoge Athletics Kenya
62%
Peres Jepchirchir Athletics Kenya
62%
Faith Kipyegon Athletics Kenya
62%
Emmanuel Korir Athletics Kenya
62%
Agnis Čavars
Edgars Krūmiņš
Kārlis Lasmanis
Nauris Miezis
Basketball Latvia
62%
Mutaz Essa Barshim Athletics Qatar
62%
Fares El-Bakh Weightlifting Qatar
62%
Nicoleta-Ancuţa Bodnar Simona Radiș Rowing Romania
62%
Milica Mandić Taekwondo Serbia
62%
Jovana Preković Karate Serbia
62%
Gojko Pijetlović
Dušan Mandić
Nikola Dedović
Sava Ranđelović
Strahinja Rašović
Duško Pijetlović
Đorđe Lazić
Milan Aleksić
Nikola Jakšić
Filip Filipović
Andrija Prlainović
Stefan Mitrović
Branislav Mitrović
Water Polo Serbia
62%
Ivan Litvinovich Gymnastics Belarus
54%
Richard Carapaz Cycling Ecuador
54%
Neisi Dajomes Weightlifting Ecuador
54%
Feryal Abdelaziz Karate Egypt
54%
Julia Beljajeva Irina Embrich Erika Kirpu Katrina Lehis Fencing Estonia
54%
Greysia Polii Apriyani Rahayu Badminton Indonesia
54%
Artem Dolgopyat Gymnastics Israel
54%
Linoy Ashram Gymnastics Israel
54%
Janja Garnbret Sport Climbing Slovenia
54%
Benjamin Savšek Canoeing Slovenia
54%
Primož Roglič Cycling Slovenia
54%
Abe Wiersma Dirk Uittenbogaard Koen Metsemakers Tone Wieten Rowing The Netherlands
54%
Annemiek van Vleuten Cycling The Netherlands
54%
Shanne Braspennincx Cycling The Netherlands
54%
Felice Albers
Margot van Geffen
Eva de Goede
Marloes Keetels
Josine Koning
Sanne Koolen
Laurien Leurink
Caia van Maasakker
Frédérique Matla
Laura Nunnink
Malou Pheninckx
Pien Sanders
Lauren Stam
Maria Verschoor
Xan de Waard
Lidewij Welten
Field Hockey The Netherlands
54%
Harrie Lavreysen Cycling The Netherlands
54%
Sifan Hassan Athletics The Netherlands
54%
Kiran Badloe Sailing The Netherlands
54%
Jeffrey Hoogland Harrie Lavreysen Roy van den Berg Matthijs Büchli Cycling The Netherlands
54%
Niek Kimmann Cycling The Netherlands
54%
Lukáš Krpálek Judo Czech Republic
46%
Jiří Prskavec Canoeing Czech Republic
46%
Barbora Krejčíková Kateřina Siniaková Tennis Czech Republic
46%
Jiří Lipták Shooting Czech Republic
46%
Josua Vakurunabili Iosefo Masi Kalione Nasoko Jiuta Wainiqolo Asaeli Tuivuaka Meli Derenalagi Vilimoni Botitu Waisea Nacuqu Jerry Tuwai Semi Radradra Aminiasi Tuimaba Napolioni Bolaca Sireli Maqala Rugby Seven Fiji
46%
Zuzana Rehák-Štefečeková Shooting Slovakia
46%
Panipak Wongpattanakit Taekwondo Thailand
46%
Cheung Ka Long Fencing Hong Kong
38%
Soufiane El Bakkali Athletics Morocco
38%
Hidilyn Diaz Weightlifting Philippines
38%
Peruth Chemutai Athletics Uganda
38%
Joshua Cheptegei Athletics Uganda
38%
Bakhodir Jalolov Boxing Uzbekistan
38%
Ulugbek Rashitov Taekwondo Uzbekistan
38%
Akbar Djuraev Weightliftig Uzbekistan
38%
Yulimar Rojas Athletics Venezuela
38%
Sofia Pozdniakova Fencing ROC
31%
Evgeny Rylov Swimming ROC
31%
Evgeny Rylov Swimming ROC
31%
Olga Nikitina Sofia Pozdniakova Sofya Velikaya Fencing ROC
31%
Musa Evloev Wrestling ROC
31%
Vladislav Larin Taekwondo ROC
31%
Svetlana Kolesnichenko Svetlana Romashina Artistic Swimming ROC
31%
Denis Ablyazin David Belyavskiy Artur Dalaloyan Nikita Nagornyy Gymnastica ROC
31%
Lilia Akhaimova
Viktoria Listunova
Angelina Melnikova
Vladislava Urazova
Gymnastics ROC
31%
Vitalina Batsarashkina Shooting ROC
31%
Vitalina Batsarashkina Shooting ROC
31%
Maksim Khramtsov Taekwondo ROC
31%
Zaur Uguev Wrestling ROC
31%
Inna Deriglazova Larisa Korobeynikova Marta Martyanova Adelina Zagidullina Fencing ROC
31%
Andrey Rublev Anastasia Pavlyuchenkova Tennis ROC
31%
Vlada Chigireva
Marina Goliadkina
Svetlana Kolesnichenko
Polina Komar
Alexandra Patskevich
Svetlana Romashina
Alla Shishkina
Maria Shurochkina
Artistic Swimming ROC
31%
Mariya Lasitskene Athletics ROC
31%
Zaurbek Sidakov Wrestling ROC
31%
Abdulrashid Sadulaev Wrestling ROC
31%
Albert Batyrgaziev Boxing ROC
31%
Flora Duffy Triathlon Bermuda
23%
Nora Gjakova Judo Kosovo
23%
Distria Krasniqi Judo Kosovo
23%
Ahmed Hafnaoui Swimming Tunisia
23%
Lee Yang Wang Chi-lin Badminton Chinese Taipei
15%
Kuo Hsing-chun Weightlifting Chinese Taipei
15%
Jasmine Camacho-Quinn Athletics Puerto Rico
15%
Keine übereinstimmenden Quizze gefunden
Verteilung der Resultate
Anzahl Personen mit jedem Resultat
Perzentil nach korrekt beantworteten Fragen
Ihre Resultats-Entwicklung
Sie haben dieses Quiz seit der letzten Aktualisierung nicht gespielt